000 00437nam a2200181Ia 4500
003 GCL
008 140319s9999 xx 000 0 eng d
040 _aGCL /
_cGCL
082 0 4 _a746.432
_bT K
100 1 _aTREASURE PRESS
245 1 0 _aKNITTING FOR CHILDREN /
_cTREASURE PRESS
260 _a[S.N] :
_bTEASURE PRESS ،
_c1987
300 _a144 p
650 0 4 _aHANDCRAFT
650 0 4 _aARTS
650 0 4 _aKNITTING
942 _2ddc
_cBK
999 _c21052
_d21052